000 00394nam a2200181Ia 4500
008 221030s9999 xx 000 0 und d
020 _a0070499438
041 _aEnglish
082 _a105.23
_bRay
100 _aJ. F. Rayport
245 0 _aE - Commerce
250 _a2nd
260 _bTMH
_aNew Delhi
_c0
300 _a456
650 _aComputers
700 _aB. J. Jaworski
942 _cBK
999 _c8749
_d8749